| 000 | 00541nam a2200193Ia 4500 | ||
|---|---|---|---|
| 003 | IN-BaIIA | ||
| 008 | 211028s9999 xx 000 0 eng d | ||
| 020 | _a0-07-004473-2 | ||
| 040 | _cIIA Library | ||
| 080 |
_a53 _bBEI |
||
| 100 |
_aBeiser, A. _95570 |
||
| 245 | 0 |
_aConcepts of modern physics _cA. Beiser |
|
| 250 | _a4th ed. | ||
| 260 |
_aNew York _bMcGraw-Hill _c1987 |
||
| 300 | _aviii, 616p. | ||
| 650 | _aAstronomy and astrophysics thesaurus | ||
| 650 |
_aPhysics _973 |
||
| 942 | _cBK | ||
| 999 |
_c9124 _d9124 |
||